| 000 | 00382nam a2200145Ia 4500 | ||
|---|---|---|---|
| 008 | 220530s9999 xx 000 0 und d | ||
| 041 | _aeng | ||
| 082 |
_a510 _bDES |
||
| 100 |
_aDeshmukh, D.T. _958764 |
||
| 245 | _aA Text Book of Engineering Mathematics Vol. 2 | ||
| 250 | _a13 Edition | ||
| 260 |
_aWardha _bMinu Deshmukh _c2013 |
||
| 300 |
_a968 P. _bPB |
||
| 906 |
_a86.25 _bALIED |
||
| 999 |
_c52804 _d52804 |
||